Generalized latent variable modeling : multilevel, longitudinal, and structural equations model

Αποθηκεύτηκε σε:
Λεπτομέρειες βιβλιογραφικής εγγραφής
Κύριος συγγραφέας: Skrondal, Anders
Άλλοι συγγραφείς: Rabe-Hesketh, S.
Μορφή: Βιβλίο
Γλώσσα:English
Δημοσίευση: Boca Raton : Chapman & Hall/CRC, c2004
Σειρά:Chapman & Hall/CRC interdisciplinary statistics series
Θέματα:
Ετικέτες: Προσθήκη ετικέτας
Δεν υπάρχουν, Καταχωρήστε ετικέτα πρώτοι!

MARC

LEADER 00000nam a2200000 i 4500
001 1/63079
008 041018s2004 eng d
020 |a 1584880007 
035 |l 10074768 
040 |a GR-MY-UA  |b gre  |e aacr 
041 0 |a eng 
082 0 |a 519.535 
100 1 |a Skrondal, Anders. 
245 1 0 |a Generalized latent variable modeling :  |b multilevel, longitudinal, and structural equations model /  |c Anders Skrondal, Sophia Rabe-Hesketh 
260 |a Boca Raton :   |b Chapman & Hall/CRC,   |c c2004 
300 |a xi, 508 σ.;  |b εικ.;  |c 24 εκ. 
490 1 |a Chapman & Hall/CRC interdisciplinary statistics series 
504 |a Περιέχει βιβλιογραφικές αναφορές και ευρετήρια 
650 0 0 |a Latent variables. 
650 0 0 |a Latent structure analysis. 
700 1 |a Rabe-Hesketh, S. 
830 0 |a Chapman & Hall/CRC interdisciplinary statistics series 
852 |a INST  |b SAMOS  |e 20041018  |h 519.535 SKR  |p 005300023021  |q 005300023021  |t BK  |y 0 
901 |a BIBL3-2004-3 
909 |a Σ  |b 107628 
920 |a ΔΙΕΥΡΥΝΣΗ  |b ΕΠΕΑΕΚ-ΤΣΑΕ  |y ΣΑΜΟΣ  |z 2004-10 
970 |a ΚΟΣΙΕΡΗΣ  |b ΧΡΗΣΤΟΣ  |z 2004/10/18